[Event "FRA-chT2 0910"]
[Site "France"]
[Date "2009.11.22"]
[Round "4.5"]
[White "Hameau, Cyril"]
[Black "Bouton, Christophe"]
[Result "0-1"]
[WhiteElo "2028"]
[BlackElo "2084"]
[PlyCount "90"]
[EventDate "2009.09.27"]
[EventType "team"]
[EventRounds "11"]
[EventCountry "FRA"]
[SourceDate "2009.07.26"]

1. d4 Nf6 2. Bg5 d5 3. c4 c6 4. e3 dxc4 5. Bxf6 exf6 6. Bxc4 Bd6 7. Nc3 O-O 8.
Nf3 Qe7 9. Qc2 Be6 10. Bd3 g6 11. O-O Nd7 12. e4 Nb6 13. e5 Bc7 14. Qd2 Kg7 15.
Rfe1 f5 16. h3 Rad8 17. b3 Rfe8 18. Rac1 Rd7 19. Ne2 Nd5 20. Bb1 Bb6 21. Red1
Qb4 22. Qg5 Qe7 23. Qg3 Rc8 24. Nh4 Kh8 25. Nf3 c5 26. b4 Nxb4 27. a3 Nd5 28.
Ba2 Rcd8 29. Ng5 Kg7 30. h4 f4 31. Qf3 cxd4 32. Nxe6+ fxe6 33. Nxd4 Nc7 34.
Rxc7 Bxd4 35. Rxd7 Rxd7 36. Qg4 Bxe5 37. Rc1 Qf6 38. Qxe6 Re7 39. Qg8+ Kh6 40.
Qc8 Bd6 41. Rd1 b6 42. Qc1 Bc5 43. h5 Re2 44. Rd3 Rxa2 45. hxg6 Ra1 0-1

[Event "FRA-chT2 0910"]
[Site "France"]
[Date "2009.11.22"]
[Round "4.6"]
[White "Delabre, Tony"]
[Black "Ricroque, Jean Pierre"]
[Result "0-1"]
[WhiteElo "2067"]
[BlackElo "2004"]
[PlyCount "88"]
[EventDate "2009.09.27"]
[EventType "team"]
[EventRounds "11"]
[EventCountry "FRA"]
[SourceDate "2009.07.26"]

1. e4 c5 2. Nc3 a6 3. a4 e6 4. g3 Nc6 5. Bg2 g6 6. d3 Bg7 7. Be3 Nd4 8. Nce2
Ne7 9. c3 Nxe2 10. Nxe2 Qc7 11. Qd2 Rb8 12. Bh6 Bxh6 13. Qxh6 Qe5 14. O-O Ng8
15. Qd2 Qc7 16. d4 d6 17. b4 Bd7 18. Rfd1 c4 19. d5 e5 20. f4 Nf6 21. fxe5 dxe5
22. h3 Qd6 23. Rf1 O-O 24. a5 Kg7 25. Rf2 Ne8 26. Kh2 Qe7 27. Raf1 Nd6 28. Rf6
h6 29. Ng1 Nf5 30. Rb6 Nd6 31. Qe3 f6 32. Qc5 Nc8 33. Qxc4 Nxb6 34. axb6 Bb5
35. Qc7 Qxc7 36. bxc7 Rbc8 37. d6 Bxf1 38. Bxf1 f5 39. Bd3 Kf6 40. b5 axb5 41.
Nf3 Ke6 42. Nh4 Kxd6 43. Nxg6 fxe4 44. Bxe4 Rf6 0-1

[Event "FRA-chT2 0910"]
[Site "France"]
[Date "2009.11.22"]
[Round "4.8"]
[White "Barakoff, Annie"]
[Black "Rascle, Adeline"]
[Result "1-0"]
[WhiteElo "1544"]
[BlackElo "1576"]
[PlyCount "113"]
[EventDate "2009.09.27"]
[EventType "team"]
[EventRounds "11"]
[EventCountry "FRA"]
[SourceDate "2009.07.26"]

1. Nf3 Nf6 2. g3 Nc6 3. Bg2 e5 4. d3 d6 5. O-O Be7 6. c4 O-O 7. Nc3 Be6 8. a3
h6 9. b3 d5 10. cxd5 Nxd5 11. Nxd5 Bxd5 12. Bb2 Bf6 13. Qc2 Re8 14. e4 Be6 15.
b4 a6 16. Rfe1 Qd7 17. Rad1 Bg4 18. Re3 Rad8 19. Bc3 Nd4 20. Bxd4 exd4 21. Ree1
Rc8 22. Rb1 Re6 23. Qb2 Rce8 24. Nd2 Rb6 25. Nc4 Rbe6 26. f4 b5 27. Nd2 Qd8 28.
e5 Be7 29. Nb3 Bd6 30. Nxd4 R6e7 31. Nc6 Qd7 32. Nxe7+ Bxe7 33. d4 Be6 34. Rbd1
Bg4 35. Rd2 Rd8 36. Qc3 Be6 37. Rc1 Rc8 38. d5 Bf5 39. Re1 Rd8 40. Rc1 Rc8 41.
Qc6 Qd8 42. Qc3 Qd7 43. Rcd1 Bg4 44. Bf3 Bf5 45. Qb3 Rd8 46. Qc3 Rc8 47. Rc1
Bf8 48. e6 Qd6 49. exf7+ Kxf7 50. Qe5 Qb6+ 51. Kg2 Bd7 52. Qd4 Qd6 53. h3 Be7
54. Rcd1 Rd8 55. Qe5 Qb6 56. Bh5+ Kg8 57. Qxe7 1-0

[Event "FRA-chT2 0910"]
[Site "France"]
[Date "2009.11.22"]
[Round "4.3"]
[White "Przymusinski, Nicolas"]
[Black "Viatte, Robert"]
[Result "1-0"]
[WhiteElo "2155"]
[BlackElo "2144"]
[PlyCount "59"]
[EventDate "2009.09.27"]
[EventType "team"]
[EventRounds "11"]
[EventCountry "FRA"]
[SourceDate "2009.07.26"]

1. c4 g6 2. g3 Bg7 3. Bg2 c5 4. Nc3 Nc6 5. a3 e5 6. b4 cxb4 7. axb4 Nf6 8. b5
Ne7 9. Ba3 O-O 10. e3 Re8 11. Nge2 d5 12. Bxe7 Rxe7 13. cxd5 e4 14. Ra4 Nxd5
15. Rxe4 Nxc3 16. Nxc3 Rxe4 17. Bxe4 Qa5 18. O-O Bh3 19. Qa1 Qb4 20. Qb1 Qe7
21. Nd5 Qd7 22. Rc1 Bf5 23. d3 Rb8 24. Rc7 Qd6 25. Qc2 Bf8 26. Qc4 Bxe4 27.
dxe4 a5 28. f4 Qa3 29. Nf6+ Kh8 30. Qxf7 1-0

[Event "FRA-chT2 0910"]
[Site "France"]
[Date "2009.11.22"]
[Round "4.5"]
[White "Regniez, Jeremy"]
[Black "Godart, Francois"]
[Result "0-1"]
[WhiteElo "1817"]
[BlackElo "2172"]
[PlyCount "55"]
[EventDate "2009.09.27"]
[EventType "team"]
[EventRounds "11"]
[EventCountry "FRA"]
[SourceDate "2009.07.26"]

1. d4 Nf6 2. Nf3 e6 3. Bg5 b6 4. e4 h6 5. Bxf6 Qxf6 6. Bd3 c5 7. c3 cxd4 8.
cxd4 Nc6 9. Qa4 Nb4 10. Bb5 a6 11. a3 Nc2+ 12. Qxc2 axb5 13. O-O Be7 14. Qc7
Bd8 15. Qd6 Qe7 16. Qe5 O-O 17. b4 f5 18. Nbd2 d6 19. Qg3 f4 20. Qg6 Rf6 21.
Qh5 Bd7 22. e5 Rf5 23. Qh3 d5 24. Rfc1 Qe8 25. g3 Qf7 26. g4 Qg6 27. Kh1 Rf7
28. Rg1 {suite illisible} 0-1

[Event "FRA-chT2 0910"]
[Site "France"]
[Date "2009.11.22"]
[Round "4.6"]
[White "Waquet, Frederic"]
[Black "Accettone, Gregory"]
[Result "1-0"]
[WhiteElo "1968"]
[BlackElo "1720"]
[PlyCount "43"]
[EventDate "2009.09.27"]
[EventType "team"]
[EventRounds "11"]
[EventCountry "FRA"]
[SourceDate "2009.07.26"]

1. e4 e5 2. Nc3 Nc6 3. f4 exf4 4. Nf3 g5 5. h4 g4 6. Ng5 h6 7. Nxf7 Kxf7 8.
Qxg4 d5 9. Qxf4+ Qf6 10. Qxc7+ Nge7 11. Nxd5 Qg6 12. Qf4+ Kg7 13. Bd3 Bd7 14.
O-O Rg8 15. b4 Kh8 16. Bb2+ Bg7 17. Nf6 Raf8 18. e5 Qf7 19. Qe4 Bxf6 20. Rxf6
Qg7 21. Rxf8 Rxf8 22. e6 1-0

[Event "FRA-chT2 0910"]
[Site "France"]
[Date "2009.11.22"]
[Round "4.7"]
[White "Blampin, Cedric"]
[Black "Bracq, Gregory"]
[Result "1-0"]
[WhiteElo "1670"]
[BlackElo "1850"]
[PlyCount "91"]
[EventDate "2009.09.27"]
[EventType "team"]
[EventRounds "11"]
[EventCountry "FRA"]
[SourceDate "2009.07.26"]

1. e4 e6 2. d4 d5 3. e5 c5 4. c3 Qb6 5. Nf3 Nc6 6. Bd3 Bd7 7. dxc5 Bxc5 8. O-O
Be7 9. Re1 Rc8 10. a3 Na5 11. b4 Nc4 12. Nbd2 f6 13. Nxc4 dxc4 14. Bc2 f5 15.
Be3 Qc7 16. Qe2 h6 17. Nd4 Qxe5 18. Qh5+ Kf8 19. Nxf5 Be8 20. Qg4 exf5 21. Bxf5
Nf6 22. Qh3 Bd7 23. Bxd7 Nxd7 24. Qxd7 Qc7 25. Qf5+ Kg8 26. Bd4 Rf8 27. Qe6+
Rf7 28. Re2 Qd6 29. Qc8+ Kh7 30. Qxb7 Rhf8 31. Rae1 Bf6 32. Qe4+ Kg8 33. Bc5
Qa6 34. Bxf8 Rxf8 35. Qe6+ Qxe6 36. Rxe6 Bxc3 37. Re8 Bxe1 38. Rxe1 Rc8 39. Rc1
Kf7 40. Kf1 Ke6 41. Ke2 Kd5 42. Rd1+ Kc6 43. Kd2 Kb5 44. Kc3 Rf8 45. Rd6 Ka4
46. Rd5 1-0

[Event "FRA-chT2 0910"]
[Site "France"]
[Date "2009.11.22"]
[Round "4.8"]
[White "Vinckier, Delphine"]
[Black "Durczak, Melanie"]
[Result "1-0"]
[WhiteElo "1805"]
[BlackElo "1694"]
[PlyCount "119"]
[EventDate "2009.09.27"]
[EventType "team"]
[EventRounds "11"]
[EventCountry "FRA"]
[SourceDate "2009.07.26"]

1. e4 d5 2. exd5 Nf6 3. Bb5+ Bd7 4. Be2 Nxd5 5. d4 Bf5 6. c3 e6 7. Nf3 Nd7 8.
O-O Be7 9. Nbd2 O-O 10. Nc4 Bf6 11. Ne3 Bg6 12. Nxd5 exd5 13. Qb3 Nb6 14. Bf4
Re8 15. Rfe1 c6 16. Bg3 Rc8 17. Ne5 Bf5 18. Qd1 Nd7 19. f4 Qb6 20. Bg4 Bxg4 21.
Qxg4 Bxe5 22. fxe5 Re6 23. Rf1 Rf8 24. Rf2 c5 25. Raf1 cxd4 26. cxd4 f6 27. Qf5
Qc6 28. Bh4 g6 29. Qg4 f5 30. Qf4 Rf7 31. Bg5 Qb6 32. Rc1 Rc6 33. Rfc2 Rxc2 34.
Rxc2 Rf8 35. Bh6 Re8 36. Re2 Qe6 37. Qe3 Nb6 38. b3 Rc8 39. Re1 Rc6 40. Rc1
Rxc1+ 41. Qxc1 Qe7 42. Bg5 Qb4 43. Qe3 Nc8 44. e6 Qd6 45. e7 Nxe7 46. Qxe7 Qxe7
47. Bxe7 Kf7 48. Bd6 g5 49. Kf2 Ke6 50. Be5 f4 51. g3 fxg3+ 52. hxg3 Kf5 53.
Kf3 h5 54. b4 b5 55. a3 a6 56. Bc7 g4+ 57. Ke3 Kg5 58. Bd8+ Kf5 59. Bh4 Kg6 60.
Kf4 1-0

[Event "FRA-chT2 0910"]
[Site "France"]
[Date "2009.11.22"]
[Round "4.1"]
[White "Payen, Arnaud"]
[Black "Petitcunot, Pierre"]
[Result "1/2-1/2"]
[WhiteElo "2360"]
[BlackElo "2395"]
[PlyCount "83"]
[EventDate "2009.09.27"]
[EventType "team"]
[EventRounds "11"]
[EventCountry "FRA"]
[SourceDate "2009.07.26"]

1. d4 g6 2. e4 Bg7 3. Nc3 c6 4. Nf3 d5 5. Bf4 Bg4 6. exd5 cxd5 7. Nb5 Kf8 8. h3
Bxf3 9. Qxf3 Nc6 10. c3 Rc8 11. Bd3 Bh6 12. Bh2 a6 13. Na3 e6 14. O-O Qf6 15.
Qg4 Bg7 16. Bd6+ Nge7 17. f4 h5 18. Qg3 Kg8 19. Nc2 Nf5 20. Bxf5 Qxf5 21. Ne3
Qf6 22. Be5 Nxe5 23. fxe5 Qe7 24. Rf2 Bh6 25. Nc2 Bg5 26. Qf3 Kg7 27. Raf1 Rcf8
28. Qe2 f6 29. exf6+ Bxf6 30. Nb4 Bh4 31. Rf3 Rxf3 32. Qxf3 Rf8 33. Qxf8+ Qxf8
34. Rxf8 Kxf8 35. Nd3 Be7 36. Kf2 Bd6 37. Ke3 Ke7 38. Ne5 Kf6 39. Nd7+ Ke7 40.
Ne5 Kf6 41. Nd7+ Ke7 42. Ne5 1/2-1/2

[Event "FRA-chT2 0910"]
[Site "France"]
[Date "2009.11.22"]
[Round "4.2"]
[White "Fossier, Francois"]
[Black "Vallin, Guillaume"]
[Result "1/2-1/2"]
[WhiteElo "2257"]
[BlackElo "2425"]
[PlyCount "57"]
[EventDate "2009.09.27"]
[EventType "team"]
[EventRounds "11"]
[EventCountry "FRA"]
[SourceDate "2009.07.26"]

1. d4 e6 2. Nf3 Nf6 3. Bf4 c5 4. e3 Nc6 5. c3 Qb6 6. Na3 Qxb2 7. Nb5 Ne4 8. Bg3
Nxc3 9. Nc7+ Kd8 10. Qc1 Qxc1+ 11. Rxc1 Nxa2 12. Rxc5 Bxc5 13. dxc5 Rb8 14. Ng5
Ke7 15. Bd6+ Kf6 16. h4 g6 17. Nxh7+ Kg7 18. Ng5 b6 19. Bb5 bxc5 20. O-O Rxb5
21. Nxb5 Ba6 22. Rb1 Bxb5 23. Rxb5 c4 24. Rb2 Nc3 25. Rb7 Rd8 26. Bc7 Re8 27.
Bd6 Rd8 28. Be7 Re8 29. Bd6 1/2-1/2

[Event "FRA-chT2 0910"]
[Site "France"]
[Date "2009.11.22"]
[Round "4.3"]
[White "Lefebvre, Herve"]
[Black "Van Rompu, Alexandre"]
[Result "1-0"]
[WhiteElo "2256"]
[BlackElo "2126"]
[PlyCount "51"]
[EventDate "2009.09.27"]
[EventType "team"]
[EventRounds "11"]
[EventCountry "FRA"]
[SourceDate "2009.07.26"]

1. e4 c5 2. Nf3 a6 3. Nc3 e6 4. d4 cxd4 5. Nxd4 Qc7 6. g3 Bb4 7. Bd2 Nc6 8. Nb3
Nf6 9. Bg2 O-O 10. O-O d6 11. f4 e5 12. Nd5 Nxd5 13. exd5 Bxd2 14. Qxd2 Nb8 15.
fxe5 dxe5 16. Kh1 Rd8 17. Qf2 f6 18. c4 Qxc4 19. Rac1 Qb4 20. Rc7 Qd6 21. Qc5
Qxc5 22. Nxc5 Bd7 23. Nxb7 Rc8 24. d6 Rxc7 25. dxc7 Nc6 26. Rc1 1-0

[Event "FRA-chT2 0910"]
[Site "France"]
[Date "2009.11.22"]
[Round "4.4"]
[White "Broutin, Philippe"]
[Black "Jeanne, Mickael"]
[Result "1/2-1/2"]
[WhiteElo "2060"]
[BlackElo "2166"]
[PlyCount "57"]
[EventDate "2009.09.27"]
[EventType "team"]
[EventRounds "11"]
[EventCountry "FRA"]
[SourceDate "2009.07.26"]

1. f4 d5 2. Nf3 g6 3. g3 Bg7 4. Bg2 c5 5. O-O Nc6 6. d3 Nf6 7. Qe1 d4 8. c3 O-O
9. Na3 e5 10. fxe5 Ng4 11. Bg5 Qd7 12. cxd4 cxd4 13. Nc4 Ngxe5 14. Nfxe5 Nxe5
15. Nxe5 Bxe5 16. Bh6 Re8 17. Rc1 Qb5 18. b4 Qb6 19. Rc5 Bh8 20. Qf2 Be6 21.
Bd5 Bxd5 22. Rxd5 Qe6 23. Rd6 Qxa2 24. Rd7 f5 25. Qf3 Rab8 26. g4 Qxe2 27. gxf5
Qxf3 28. Rxf3 Red8 29. Rc7 1/2-1/2

[Event "FRA-chT2 0910"]
[Site "France"]
[Date "2009.11.22"]
[Round "4.5"]
[White "Mandon, Fabrice"]
[Black "Rouze, Xavier"]
[Result "0-1"]
[WhiteElo "2241"]
[BlackElo "2036"]
[PlyCount "96"]
[EventDate "2009.09.27"]
[EventType "team"]
[EventRounds "11"]
[EventCountry "FRA"]
[SourceDate "2009.07.26"]

1. e4 c6 2. d4 d5 3. e5 c5 4. dxc5 Nc6 5. Bb5 Qa5+ 6. Nc3 e6 7. Be3 Bd7 8. a3
Nxe5 9. Bxd7+ Nxd7 10. Nf3 Qa6 11. b4 Be7 12. Bd4 Ngf6 13. Qe2 Qxe2+ 14. Kxe2
O-O 15. Rhd1 Rfc8 16. Rdc1 b6 17. cxb6 Nxb6 18. Nb5 a6 19. Na7 Rxa7 20. Bxb6
Rb7 21. Bd4 Ne4 22. Nd2 Nc3+ 23. Kd3 Nb5 24. Bb2 Nd6 25. c4 dxc4+ 26. Nxc4 Nxc4
27. Rxc4 Rd7+ 28. Rd4 Rxd4+ 29. Bxd4 Rd8 30. Rc1 Bf6 31. Rc4 e5 32. Rc6 exd4
33. Rxa6 Rc8 34. b5 Rc3+ 35. Ke4 h6 36. a4 Rb3 37. f4 Re3+ 38. Kd5 d3 39. Kc4
d2 40. Rd6 Re4+ 41. Kb3 Bd4 42. Kc2 Be3 43. a5 Rc4+ 44. Kd1 Rc1+ 45. Ke2 Re1+
46. Kf3 d1=Q+ 47. Rxd1 Rxd1 48. Kxe3 Rd5 0-1

[Event "FRA-chT2 0910"]
[Site "France"]
[Date "2009.11.22"]
[Round "4.6"]
[White "Derache, Jerome"]
[Black "Theon, Pierre"]
[Result "1/2-1/2"]
[WhiteElo "2000"]
[BlackElo "2107"]
[PlyCount "83"]
[EventDate "2009.09.27"]
[EventType "team"]
[EventRounds "11"]
[EventCountry "FRA"]
[SourceDate "2009.07.26"]

1. e4 c5 2. Nc3 a6 3. g3 b5 4. Bg2 Bb7 5. d3 e6 6. f4 d5 7. e5 Nh6 8. Nf3 Nf5
9. O-O h5 10. Qe1 Nc6 11. Nd1 Qb6 12. Kh1 h4 13. Nxh4 Nxh4 14. gxh4 Qd8 15. Ne3
Qxh4 16. Qxh4 Rxh4 17. h3 O-O-O 18. a4 bxa4 19. Rxa4 Nxe5 20. Bd2 Ng6 21. Be1
Rh5 22. f5 Ne5 23. fxe6 fxe6 24. d4 cxd4 25. Nd1 Bc5 26. Bg3 Nc4 27. Rf7 Rd7
28. Rxd7 Kxd7 29. Rxc4 dxc4 30. Bxb7 a5 31. Kg2 Bd6 32. Bf2 Be5 33. Ba6 c3 34.
bxc3 dxc3 35. Bc4 Rh8 36. Bb5+ Kd6 37. Ba4 Rb8 38. Ne3 Rb4 39. Bb3 a4 40. Nc4+
Kc7 41. Ba2 Bf6 42. Kf3 1/2-1/2

[Event "FRA-chT2 0910"]
[Site "France"]
[Date "2009.11.22"]
[Round "4.7"]
[White "Vaugeois, Cyrille"]
[Black "Masztalir, Matthieu"]
[Result "1/2-1/2"]
[WhiteElo "2177"]
[BlackElo "2008"]
[PlyCount "67"]
[EventDate "2009.09.27"]
[EventType "team"]
[EventRounds "11"]
[EventCountry "FRA"]
[SourceDate "2009.07.26"]

1. e4 c5 2. Nf3 e6 3. c3 d5 4. exd5 Qxd5 5. d4 Nf6 6. Bb5+ Bd7 7. Bxd7+ Nbxd7
8. O-O Bd6 9. Na3 cxd4 10. c4 Qh5 11. Nb5 Bb8 12. Re1 O-O 13. Qxd4 a6 14. Nc3
Ba7 15. Qh4 Qxh4 16. Nxh4 Ng4 17. Nd1 Bd4 18. Nf3 Bf6 19. Rf1 Rac8 20. b3 Nde5
21. Nxe5 Nxe5 22. Nb2 Rfd8 23. Be3 Ng4 24. Bb6 Rd2 25. h3 Nh6 26. Na4 Bd4 27.
Rad1 Rxd1 28. Rxd1 Be5 29. Rd7 Rb8 30. Bc7 Bxc7 31. Rxc7 b5 32. cxb5 axb5 33.
Nb2 g6 34. Nd3 1/2-1/2

[Event "FRA-chT2 0910"]
[Site "France"]
[Date "2009.11.22"]
[Round "4.1"]
[White "Therkildsen, Thomas"]
[Black "Andrieux, Pascal"]
[Result "0-1"]
[WhiteElo "2311"]
[BlackElo "2247"]
[PlyCount "70"]
[EventDate "2009.09.27"]
[EventType "team"]
[EventRounds "11"]
[EventCountry "FRA"]
[SourceDate "2009.07.26"]

1. e4 e6 2. Nf3 d5 3. e5 b6 4. c3 Qd7 5. b4 c5 6. b5 a6 7. Na3 Bb7 8. Rb1 c4 9.
bxa6 Rxa6 10. Nc2 Rxa2 11. Rxb6 Bc5 12. Rb1 Nc6 13. d3 cxd3 14. Bxd3 Ba6 15.
O-O Bxd3 16. Qxd3 Nge7 17. Nb4 Nxb4 18. cxb4 Bb6 19. b5 Qa7 20. Rb2 h6 21. Rxa2
Qxa2 22. Ba3 Kd7 23. Bxe7 Kxe7 24. Nd4 Ra8 25. Nc6+ Kf8 26. g4 Ra4 27. Qh7
Rxg4+ 28. Kh1 f5 29. exf6 Qe2 30. fxg7+ Rxg7 31. Qh8+ Kf7 32. Ne5+ Qxe5 33.
Qxh6 Kg8 34. Qh3 Qe4+ 35. f3 Qe3 0-1

[Event "FRA-chT2 0910"]
[Site "France"]
[Date "2009.11.22"]
[Round "4.3"]
[White "Soyez, Cyril"]
[Black "Goasdoue, Vincent"]
[Result "1-0"]
[WhiteElo "2223"]
[BlackElo "2140"]
[PlyCount "79"]
[EventDate "2009.09.27"]
[EventType "team"]
[EventRounds "11"]
[EventCountry "FRA"]
[SourceDate "2009.07.26"]

1. c4 g6 2. g3 Bg7 3. Bg2 Nc6 4. Nc3 d6 5. Rb1 f5 6. b4 Ne5 7. Qb3 Nf6 8. d3
O-O 9. b5 Kh8 10. a4 Nh5 11. a5 Rb8 12. d4 Nd7 13. Nf3 e5 14. Bg5 Nhf6 15. dxe5
dxe5 16. Rd1 Qe8 17. Nd5 Nxd5 18. cxd5 f4 19. gxf4 h6 20. fxe5 Nxe5 21. Be3 Bg4
22. Nd4 Bd7 23. Ne6 Bxe6 24. dxe6 Rd8 25. Rxd8 Qxd8 26. h3 c6 27. O-O Qxa5 28.
f4 cxb5 29. fxe5 Rxf1+ 30. Bxf1 b4 31. Bd4 Qd8 32. Qxb4 Qg5+ 33. Bg2 Qc1+ 34.
Kf2 Qf4+ 35. Bf3 Qh4+ 36. Kg2 Qg5+ 37. Kf1 Qf5 38. e7 Qxh3+ 39. Ke1 Qd7 40. Qd6
1-0

[Event "FRA-chT2 0910"]
[Site "France"]
[Date "2009.11.22"]
[Round "4.4"]
[White "Leruste, Georges"]
[Black "Flament, Frederic"]
[Result "0-1"]
[WhiteElo "2135"]
[BlackElo "2130"]
[PlyCount "42"]
[EventDate "2009.09.27"]
[EventType "team"]
[EventRounds "11"]
[EventCountry "FRA"]
[SourceDate "2009.07.26"]

1. Nf3 Nf6 2. g3 b6 3. Bg2 Bb7 4. d4 e6 5. c4 Bb4+ 6. Bd2 Be7 7. Nc3 O-O 8. Qc2
d5 9. cxd5 exd5 10. O-O c5 11. Rad1 Nc6 12. Bg5 Nb4 13. Qb1 Ne4 14. Bxe7 Qxe7
15. dxc5 bxc5 16. Nh4 Rad8 17. Nxe4 dxe4 18. a3 Na6 19. Nf5 Qe5 20. Ne3 Rd4 21.
Nc2 Rdd8 0-1

[Event "FRA-chT2 0910"]
[Site "France"]
[Date "2009.11.22"]
[Round "4.6"]
[White "Stawiarski, Edmond"]
[Black "Dupont, Dany"]
[Result "1/2-1/2"]
[WhiteElo "2134"]
[BlackElo "1980"]
[PlyCount "104"]
[EventDate "2009.09.27"]
[EventType "team"]
[EventRounds "11"]
[EventCountry "FRA"]
[SourceDate "2009.07.26"]

1. d4 Nf6 2. Nf3 g6 3. Bf4 Bg7 4. e3 O-O 5. c4 d6 6. Nc3 c6 7. h3 Nbd7 8. Be2
Re8 9. O-O e5 10. dxe5 dxe5 11. Nxe5 Nxe5 12. Qxd8 Rxd8 13. Bxe5 Bf5 14. Rfd1
Bc2 15. Rxd8+ Rxd8 16. Kf1 Ne4 17. Bxg7 Kxg7 18. Nxe4 Bxe4 19. f3 Bf5 20. Ke1
c5 21. Rd1 Rxd1+ 22. Kxd1 a5 23. Kd2 g5 24. f4 h6 25. Bf3 b6 26. Bd5 gxf4 27.
exf4 f6 28. Ke3 Kf8 29. Kf3 Bd3 30. g4 Kg7 31. h4 Bb1 32. a3 Bd3 33. Ke3 Bg6
34. f5 Be8 35. Kf4 Ba4 36. g5 hxg5+ 37. hxg5 Bc2 38. g6 Bd3 39. Be6 Bc2 40. Ke3
Bb1 41. Kd2 Be4 42. Ke3 Bc6 43. b4 axb4 44. axb4 Kf8 45. b5 Be4 46. Kd2 Kg7 47.
Ke3 Bc2 48. Kf4 Bb1 49. Bd5 Bd3 50. Kg4 Bc2 51. Bc6 Bb1 52. Kf4 Bc2 1/2-1/2

[Event "FRA-chT2 0910"]
[Site "France"]
[Date "2009.11.22"]
[Round "4.7"]
[White "Daniel, Antoine"]
[Black "Isufi, Ermal"]
[Result "0-1"]
[WhiteElo "1836"]
[BlackElo "2102"]
[PlyCount "94"]
[EventDate "2009.09.27"]
[EventType "team"]
[EventRounds "11"]
[EventCountry "FRA"]
[SourceDate "2009.07.26"]

1. e4 e5 2. Nf3 Nc6 3. d4 exd4 4. Nxd4 Bc5 5. Be3 Qf6 6. c3 Nge7 7. b4 Bxd4 8.
Bxd4 Nxd4 9. Qxd4 Qxd4 10. cxd4 Nc6 11. d5 Nxb4 12. Kd2 a5 13. Nc3 c6 14. a3
Na6 15. Na4 b5 16. Nb6 Rb8 17. Nxc8 Rxc8 18. Rc1 O-O 19. a4 cxd5 20. Rxc8 Rxc8
21. Bxb5 Nb4 22. Rc1 Rxc1 23. Kxc1 d6 24. exd5 Nxd5 25. Kd2 Kf8 26. Bc4 Nc7 27.
Ke3 d5 28. Bd3 Ke7 29. f4 g6 30. f5 Kd6 31. fxg6 fxg6 32. h4 Ke5 33. h5 gxh5
34. Bxh7 d4+ 35. Kd2 h4 36. Bd3 Ne6 37. Be2 Nf4 38. Bf3 Kd6 39. Kc2 Kc5 40. Kb3
Nd5 41. Be4 Nc3 42. Bf3 Kd6 43. Kb2 Ke5 44. Kc1 d3 45. Kd2 Kd4 46. Bc6 Ne4+ 47.
Ke1 Kc3 0-1

[Event "FRA-chT2 0910"]
[Site "France"]
[Date "2009.11.22"]
[Round "4.8"]
[White "Belloc, Sidonie"]
[Black "L'Huillier, Helene"]
[Result "1/2-1/2"]
[WhiteElo "1809"]
[BlackElo "1937"]
[PlyCount "75"]
[EventDate "2009.09.27"]
[EventType "team"]
[EventRounds "11"]
[EventCountry "FRA"]
[SourceDate "2009.07.26"]

1. e4 e5 2. Nf3 Nc6 3. d4 exd4 4. Nxd4 Bc5 5. Be3 Qh4 6. Nc3 d6 7. Nf3 Qe7 8.
Bxc5 dxc5 9. Bb5 Bd7 10. O-O O-O-O 11. Qe2 Nf6 12. a4 Nd4 13. Qd3 Bg4 14. Nxd4
cxd4 15. Nd5 Nxd5 16. exd5 Rxd5 17. Rfe1 Re5 18. Qd2 a6 19. Bd3 Re8 20. Rxe5
Qxe5 21. h3 Bd7 22. b4 c6 23. Bc4 Be6 24. Bd3 Bd5 25. b5 axb5 26. axb5 cxb5 27.
Ra8+ Kd7 28. Bxb5+ Bc6 29. Bxc6+ Kxc6 30. Rxe8 Qxe8 31. Qxd4 Qe1+ 32. Kh2 f6
33. Qc4+ Kb6 34. Qb3+ Kc6 35. Qc4+ Kb6 36. Qd4+ Kc6 37. Qc4+ Kb6 38. Qd4+
1/2-1/2

[Event "FRA-chT2 0910"]
[Site "France"]
[Date "2009.11.22"]
[Round "4.1"]
[White "Nguyen Thanh Tong"]
[Black "Bekkat, Azzedine"]
[Result "0-1"]
[WhiteElo "2333"]
[BlackElo "2174"]
[PlyCount "30"]
[EventDate "2009.09.27"]
[EventType "team"]
[EventRounds "11"]
[EventCountry "FRA"]
[SourceDate "2009.07.26"]

1. d4 Nf6 2. c4 e6 3. Nf3 c5 4. Nc3 cxd4 5. Nxd4 d5 6. cxd5 Nxd5 7. e4 Nxc3 8.
bxc3 Bc5 9. Be3 O-O 10. Qh5 Qb6 11. Bd3 Nd7 12. O-O e5 13. Rab1 Qd6 14. Nf3
Qxd3 15. Qg5 g6 0-1

[Event "FRA-chT2 0910"]
[Site "France"]
[Date "2009.11.22"]
[Round "4.2"]
[White "Regoli, Stephane"]
[Black "Rano, David"]
[Result "1-0"]
[WhiteElo "2259"]
[BlackElo "2191"]
[PlyCount "65"]
[EventDate "2009.09.27"]
[EventType "team"]
[EventRounds "11"]
[EventCountry "FRA"]
[SourceDate "2009.07.26"]

1. e4 e5 2. Nf3 Nc6 3. d4 exd4 4. Nxd4 Bc5 5. Be3 Qf6 6. c3 Nge7 7. Bc4 d6 8.
O-O Nxd4 9. cxd4 Bb6 10. Nc3 c6 11. Qd2 h6 12. f4 O-O 13. Kh1 d5 14. e5 Qg6 15.
Be2 h5 16. b4 Bg4 17. a4 Bxe2 18. Nxe2 a5 19. b5 cxb5 20. axb5 Nf5 21. Nc3 Rfd8
22. Bf2 h4 23. Na4 Rac8 24. Nxb6 Qxb6 25. Qxa5 Qh6 26. Qd2 Rc4 27. Rac1 Qe6 28.
Rfd1 Rdc8 29. Rxc4 Rxc4 30. Qe1 Rc2 31. Rc1 Qc8 32. Rxc2 Qxc2 33. h3 1-0

[Event "FRA-chT2 0910"]
[Site "France"]
[Date "2009.11.22"]
[Round "4.3"]
[White "Piot, Olivier"]
[Black "Iordanov, Nikolay"]
[Result "1/2-1/2"]
[WhiteElo "2272"]
[BlackElo "2215"]
[PlyCount "51"]
[EventDate "2009.09.27"]
[EventType "team"]
[EventRounds "11"]
[EventCountry "FRA"]
[SourceDate "2009.07.26"]

1. d4 e6 2. c4 d5 3. cxd5 exd5 4. Nc3 c6 5. Bf4 Bd6 6. Bg3 Bf5 7. e3 Nf6 8. Bd3
Bxd3 9. Qxd3 O-O 10. Nf3 Re8 11. Bxd6 Qxd6 12. Ne5 Nfd7 13. Nxd7 Nxd7 14. O-O
Re6 15. f3 Rae8 16. Rae1 g6 17. Re2 f5 18. Rfe1 Nf6 19. g3 Kg7 20. e4 dxe4 21.
fxe4 fxe4 22. Nxe4 Nxe4 23. Rxe4 Qd5 24. Rxe6 Rxe6 25. Rxe6 Qxe6 26. a3 1/2-1/2

[Event "FRA-chT2 0910"]
[Site "France"]
[Date "2009.11.22"]
[Round "4.5"]
[White "Favre, Mathieu"]
[Black "Bousmaha, Abderahmane"]
[Result "0-1"]
[WhiteElo "2041"]
[BlackElo "2073"]
[PlyCount "56"]
[EventDate "2009.09.27"]
[EventType "team"]
[EventRounds "11"]
[EventCountry "FRA"]
[SourceDate "2009.07.26"]

1. e4 c5 2. Nf3 Nf6 3. Nc3 Nc6 4. Bb5 Qc7 5. Bxc6 bxc6 6. O-O e5 7. d3 Be7 8.
Ne1 d5 9. h3 Ba6 10. Qf3 Rd8 11. g4 h6 12. Ng2 c4 13. dxc4 Bxc4 14. Re1 d4 15.
Nb1 Nh7 16. Nd2 Be6 17. Nf1 Bg5 18. Qg3 h5 19. gxh5 Bxc1 20. Raxc1 Nf6 21. Nh4
Nxh5 22. Qf3 Nf4 23. Nf5 Nxh3+ 24. Kg2 Nf4+ 25. Kg1 g5 26. N1g3 f6 27. Qa3 Qh7
28. Qf3 g4 0-1

[Event "FRA-chT2 0910"]
[Site "France"]
[Date "2009.11.22"]
[Round "4.6"]
[White "Mehaibia, Azzedine"]
[Black "Jellouli, Moez"]
[Result "1-0"]
[WhiteElo "2113"]
[BlackElo "2071"]
[PlyCount "79"]
[EventDate "2009.09.27"]
[EventType "team"]
[EventRounds "11"]
[EventCountry "FRA"]
[SourceDate "2009.07.26"]

1. e4 d5 2. exd5 Nf6 3. Nf3 Nxd5 4. d4 g6 5. c4 Nb6 6. c5 Nd5 7. Bc4 Bg7 8. Qb3
e6 9. Nc3 Nxc3 10. bxc3 O-O 11. O-O Nc6 12. Be2 b6 13. cxb6 cxb6 14. Rd1 Bb7
15. Ba3 Re8 16. Rac1 Rc8 17. Bb2 Na5 18. Qa4 Bc6 19. Qc2 Bd5 20. Qd2 Nc4 21.
Bxc4 Rxc4 22. Qe3 Bxf3 23. Qxf3 Qd5 24. Qe2 Rec8 25. Rd3 Bh6 26. Re1 Ra4 27. a3
Qb3 28. c4 Qxc4 29. Rc3 Qxc3 30. Bxc3 Rxc3 31. d5 Raxa3 32. dxe6 fxe6 33. Qxe6+
Kg7 34. Qe5+ Kg8 35. Qd5+ Kf8 36. Qd8+ Kf7 37. Qe8+ Kf6 38. Qe7+ Kf5 39. Qe6+
Kf4 40. g3+ 1-0